000 00558nam a22001937a 4500
003 OSt
005 20160922144249.0
008 160922b xxu||||| |||| 00| 0 eng d
020 _a9780273734680
040 _cDDC
082 _a570 BAR 2011
100 _aBarnard ,Chris; Gilbert,Francis; McGregor, Peter
_911103
245 _aAsking Questions in Biology: a guide to hypothesis-testing...
250 _a4th ed.
260 _aEngland; Pearson, 2011
300 _ax,248p; ill: 24cm
504 _aAppendices, answers, & index included
942 _2z
_cO_SHELF
999 _c5275
_d5275